| 000 | 00000nas 2200000zi 4500 |
| 001 | 9.927948 |
| 003 | CaOODSP |
| 005 | 20250324130934 |
| 006 | m o d f |
| 007 | cr ||||||||||| |
| 008 | 230929d19711971oncux m o f0###b0fre|d |
| 040 | |aCaOODSP|bfre|erda|cCaOODSP |
| 043 | |an-cn--- |
| 086 | 1 |aCo41-1F-PDF |
| 245 | 00|aTélécommission étude. |
| 264 | 1|a[Ottawa] : |bMinistère des communications, |c1971-1971. |
| 310 | |aIrrégulier |
| 336 | |atexte|btxt|2rdacontent/fre |
| 337 | |ainformatique|bc|2rdamedia/fre |
| 338 | |aressource en ligne|bcr|2rdacarrier/fre |
| 362 | 1 |aParaît depuis : 1a; ne paraît plus après: 8d? |
| 500 | |aPublié aussi en anglais sous le titre : Telecommission study. |
| 650 | 6|aTélécommunications|zCanada. |
| 710 | 1 |aCanada. |bMinistère des communications, |eorganisme de publication. |
| 775 | 08|tTelecommission study.|w(CaOODSP)9.927947 |